00393nam a22001337a 450000500170000000800410001702200130005808200130007110000120008424500350009626000740013130000290020565000250023420240903054559.0240903b |||||||| |||| 00| 0 eng d a10246991 a349 NAM  lEnglish aThe Namibian Law Reports 2004  aWindhoek: bLegal Assistance Centre and Juta and Company Ltd, c2004  bxx, 438 pages; c26 cm.  aLegal practice bLaw